Občiansky súdny poriadok, notársky poriadok a súvisiace predpisy

Salvato in:
Dettagli Bibliografici
Altri autori: Nesrovnal, Václav, Barát, Arnošt
Natura: Libro
Lingua:slovacco
Pubblicazione: Bratislava Obzor 1986
Edizione:2. preprac. a dopln. vyd.
Serie:Zákonníky
Tags: Aggiungi Tag
Nessun Tag, puoi essere il primo ad aggiungerne!!

MARC

LEADER 00000nam a2200000 4500
001 c024215
005 20221219100654.7
041 0 |a slo 
044 |a SK 
245 1 0 |a Občiansky súdny poriadok, notársky poriadok a súvisiace predpisy  |c Hl. zost. Václav Nesrovnal, Arnošt Barát 
250 |a 2. preprac. a dopln. vyd. 
264 1 |a Bratislava  |b Obzor  |c 1986 
300 |a 659 s. 
490 1 |a Zákonníky 
830 0 |a Zákonníky 
700 1 |a Nesrovnal, Václav 
700 1 |a Barát, Arnošt